000 00434nam a2200193Ia 4500
001 13023
003 GE_BSU
008 181216s||||||||xx |||||||||||||| ||und||
040 _cGE_BSU
080 _a821.111-32
100 _aMatthews,Carole.
245 2 _aA compromising position.
260 _aLondon.
260 _bHeadline review.
260 _c2002
300 _a408p;18cm.
653 _aA compromising position.
942 _cBK
999 _c46190
_d46190